<?xml version="1.0" encoding="UTF-8"?>
<collection xmlns="http://www.loc.gov/MARC21/slim">
 <record>
  <leader>00882cam a2200265 7i4500</leader>
  <controlfield tag="001">0000100672</controlfield>
  <controlfield tag="005">20130321090000.0</controlfield>
  <controlfield tag="008">130321c1992    dk a             q  eng   </controlfield>
  <datafield tag="022" ind1="#" ind2="#">
   <subfield code="a">09066691</subfield>
  </datafield>
  <datafield tag="022" ind1="#" ind2="#">
   <subfield code="a">16000633 (Online)</subfield>
  </datafield>
  <datafield tag="090" ind1="0" ind2="0">
   <subfield code="a">QL 624 </subfield>
   <subfield code="b">.E2</subfield>
  </datafield>
  <datafield tag="222" ind1="0" ind2="0">
   <subfield code="a">Ecology of freshwater fish</subfield>
  </datafield>
  <datafield tag="245" ind1="0" ind2="0">
   <subfield code="a">Ecology of freshwater fish.</subfield>
  </datafield>
  <datafield tag="260" ind1="#" ind2="#">
   <subfield code="a">Copenhagen: </subfield>
   <subfield code="b">Munksgaard, </subfield>
   <subfield code="c">1992-</subfield>
  </datafield>
  <datafield tag="300" ind1="#" ind2="#">
   <subfield code="a">v.: </subfield>
   <subfield code="b">ill.; </subfield>
   <subfield code="c">28 cm.</subfield>
  </datafield>
  <datafield tag="500" ind1="#" ind2="#">
   <subfield code="a">Library has Vol. 11 no.1 Mar 2002-</subfield>
  </datafield>
  <datafield tag="530" ind1="#" ind2="#">
   <subfield code="a">Also issued online.</subfield>
  </datafield>
  <datafield tag="650" ind1="0" ind2="0">
   <subfield code="a">Freshwater fishes -- </subfield>
   <subfield code="x">Periodicals </subfield>
  </datafield>
  <datafield tag="650" ind1="0" ind2="0">
   <subfield code="a">Freshwater fishes -- </subfield>
   <subfield code="x">Ecology -- </subfield>
   <subfield code="x">Periodicals </subfield>
  </datafield>
  <datafield tag="650" ind1="0" ind2="0">
   <subfield code="a">Fisheries -- </subfield>
   <subfield code="x">Periodicals </subfield>
  </datafield>
  <datafield tag="776" ind1="0" ind2="8">
   <subfield code="i">Online version</subfield>
   <subfield code="t">Ecology of freshwater fish</subfield>
  </datafield>
  <datafield tag="856" ind1="0" ind2="#">
   <subfield code="u">http://onlinelibrary.wiley.com/journal/10.1111/(ISSN)1600-0633/issues</subfield>
  </datafield>
  <datafield tag="999" ind1=" " ind2=" ">
   <subfield code="a">1100088765</subfield>
   <subfield code="b">Jurnal</subfield>
   <subfield code="c">Jurnal Berjilid</subfield>
   <subfield code="e">STACKROOM 1</subfield>
  </datafield>
 </record>
</collection>
